New Standard Encyclopedia (VOL - 9) (Record no. 1813)

MARC details
000 -LEADER
fixed length control field 00337nam a22001337a 4500
003 - CONTROL NUMBER IDENTIFIER
control field OSt
005 - DATE AND TIME OF LATEST TRANSACTION
control field 20170801123908.0
008 - FIXED-LENGTH DATA ELEMENTS--GENERAL INFORMATION
fixed length control field 160705b xxu||||| |||| 00| 0 eng d
040 ## - CATALOGING SOURCE
Transcribing agency TEST
100 ## - MAIN ENTRY--PERSONAL NAME
Personal name Standard Educational Corporation
9 (RLIN) 3814
245 ## - TITLE STATEMENT
Title New Standard Encyclopedia (VOL - 9)
300 ## - PHYSICAL DESCRIPTION
Extent New Standard Encyclopedia
942 ## - ADDED ENTRY ELEMENTS (KOHA)
Source of classification or shelving scheme Dewey Decimal Classification
Koha item type BOOK
Holdings
Withdrawn status Lost status Source of classification or shelving scheme Damaged status Not for loan Home library Current library Shelving location Date acquired Total Checkouts Full call number Barcode Date last seen Price effective from Koha item type
    Dewey Decimal Classification     Good Samaritan School Library Good Samaritan School Library Encyclopaedia 07/05/2016   STA030 A-3 STA1379 07/05/2016 07/05/2016 BOOK

Powered by Koha